Statistics for NFL Quiz - Super Bowl Champions Offensive Lineups 1998-2009

Click here to take the quiz!

General Stats

  • This quiz has been taken 75 times
  • The average score is 39 of 72

Answer Stats

Pos.Answer% Correct
QBDrew Brees
98%
QBTom Brady
98%
QBTom Brady
98%
QBTom Brady
98%
QBEli Manning
96%
QBPeyton Manning
96%
QBBen Roethlisberger
90%
QBBen Roethlisberger
90%
WRAntwaan Randle El
85%
QBJohn Elway
85%
QBKurt Warner
85%
WRMarvin Harrison
83%
RBTerrell Davis
79%
QBBrad Johnson
77%
RBKevin Faulk
77%
RBKevin Faulk
77%
RBKevin Faulk
77%
WRKeyshawn Johnson
77%
RBMarshall Faulk
77%
WRPatrick Johnson
77%
RBAntowain Smith
71%
RBAntowain Smith
71%
WRRod Smith
71%
RBDerrick Ward
69%
WRHines Ward
69%
WRHines Ward
69%
WRIsaac Bruce
69%
WRReggie Wayne
69%
QBTrent Dilfer
69%
WRTorry Holt
67%
RBJamal Lewis
65%
WRMarques Colston
65%
RBJerome Bettis
63%
WRTroy Brown
60%
WRTroy Brown
60%
TEShannon Sharpe
58%
TEShannon Sharpe
58%
TEDallas Clark
56%
TEDaniel Graham
56%
WRPlaxico Burress
54%
RBPriest Holmes
54%
RBReggie Bush
54%
WRSantonio Holmes
54%
TEHeath Miller
50%
TEHeath Miller
50%
RBCorey Dillon
48%
TERoland Williams
48%
RBBrandon Jacobs
46%
TEJeremy Shockey
44%
TEJeremy Shockey
44%
RBJoseph Addai
40%
RBWillie Parker
40%
RBWillie Parker
40%
WRAmani Toomer
35%
RBPierre Thomas
35%
WRDeion Branch
33%
WREd McCaffrey
31%
RBMike Alstott
29%
RBMewelde Moore
15%
WRDevery Henderson
13%
RBDominic Rhodes
12%
WRKeenan McCardell
10%
RBMichael Pittman
10%
TEChristian Fauria
8%
WRDavid Givens
8%
WRDavid Patten
6%
WRDavid Patten
6%
TEKen Dilger
6%
WRQadry Ismail
4%
RBDerek Loville
2%
RBRobert Holcombe
2%
TERod Rutledge
2%

Score Distribution

Percentile by Number Answered

Percent of People with Each Score

Your Score History

You have not taken this quiz